Toby / (Registro nro. 9567)

Detalles MARC
000 -LIDER
fixed length control field 00792nam a2200265 4500
001 - NÚMERO DE CONTROL
Identificador de número de control 0002563
003 - IDENTIFICACDOR DE NÚMERO DE CONTROL
control field DO-SdBNP
005 - DATE AND TIME OF LATEST TRANSACTION
control field 20180222084737.0
007 - CAMPOS FIJOS DE DESCRIPCIÓN FÍSICA
fixed length control field 0002563
008 - ELEMENTOS DE LONGITUD FIJA
fixed length control field 160406b 1997 sp ||||| |||| 00| 0 spa d
020 ## - ISBN
International Standard Book Number 9580442223
040 ## - FUENTE DE CATALOGACIÓN
Agencia que crea de manera original el registro BPMSU
Idioma de catalogación spa
Agencia que realiza la transcripción BPMSU
082 ## - NÚMERO DE CLASIFICACIÓN DECIMAL DE DEWEY
Edition number
Classification number 863.6
Item number C117t
100 ## - ASIENTO PRINCIPAL -- NOMBRE PERSONAL
Nombre personal Cabal, Graciela Beatriz,
Fechas asociadas con el nombre 1939-2004
245 ## - MENCIÓN DE TITULO
Título Toby /
Mención de responsabilidad Graciela Cabal ; ilustraciones de Pez
260 ## - PUBLICACIÓN, DISTRIBUCIÓN, ETC. (PIE DE IMPRENTA)
Lugar de publicación, distribución, etc Bogotá :
Nombre del editor, distribuidor, etc. Grupo Editorial Norma,
Fecha de publicación, distribución, etc 1997
300 ## - DESCRIPCIÓN FÍSICA
Extensión 58 p. :
Otros detalles físicos il. ;
Dimensiones 20 cm.
490 ## - MENCIÓN DE SERIES
Mención de serie Torre de papel.
-- Torre azul
Volume/sequential designation 1
650 ## - ENCABEZAMIENTO DE MATERIA--TEMÁTICO
Fuente del encabezamiento o término CUENTOS INFANTILES ARGENTINOS
700 ## - ASIENTO SECUNDARIO -- NOMBRE PERSONAL
Nombre personal Pez
Mención de responsabilidad il.
830 ## - ASIENTO SECUNDARIO DE SERIE--TÍTULO UNIFORME
Título uniforme Torre de papel.
Nombre de la parte o sección de una obra Torre azul
Volume number/sequential designation 1
942 ## - ADDED ENTRY ELEMENTS (KOHA)
Source of classification or shelving scheme Dewey Decimal Classification
Koha item type Libros
945 ## - INFORMACIÓN DE PROCESAMIENTO LOCAL
Información de procesamiento local Inventariado, 2018 / BT
956 ## - LOCAL ELECTRONIC LOCATION AND ACCESS (OCLC)
Método de acceso VMATEO
Materiales especificados 10
Enlace 20160406
Campo enlazado y núm. de secuencia BPSMU
Nombre de host 0069
Existencias
Withdrawn status Lost status Source of classification or shelving scheme Damaged status Not for loan Collection code Home library Current library Date acquired Source of acquisition Total Checkouts Full call number Barcode Date last seen Price effective from Koha item type
    Dewey Decimal Classification     Colección Infantil General Biblioteca Pública Metropolitana Salomé Ureña Biblioteca Pública Metropolitana Salomé Ureña 04/06/2016 FUNDI   863.6 C117t BPMSU16040123 04/06/2016 04/06/2016 Libros